000
00298nam a2200109Ia 4500
008
180116s9999 xx 000 0 und d
020
_a
9781305584754
245
_c
Frances E. Campeau, Jeana Fleitz
_a
Limited Radiography
250
_a
4th ed
260
_b
Cengage Learning
_c
2017
300
_a
556 pages
999
_c
353259
_d
353259